Alternating current machines (Record no. 23298)

000 -LEADER
fixed length control field 00516nam a22001937a 4500
001 - CONTROL NUMBER
control field 23298
003 - CONTROL NUMBER IDENTIFIER
control field BD-DhUET
008 - FIXED-LENGTH DATA ELEMENTS--GENERAL INFORMATION
fixed length control field 150503b xxu||||| |||| 00| 0 eng d
040 ## - CATALOGING SOURCE
Original cataloging agency DLC
Transcribing agency DLC
Modifying agency BD-DhUET
082 ## - DEWEY DECIMAL CLASSIFICATION NUMBER
Classification number 623.133
Item number COT/1960
100 ## - MAIN ENTRY--PERSONAL NAME
Personal name Cotton, H.
245 ## - TITLE STATEMENT
Title Alternating current machines
250 ## - EDITION STATEMENT
Edition statement 2nd ed.
260 ## - PUBLICATION, DISTRIBUTION, ETC. (IMPRINT)
Place of publication, distribution, etc. London
Name of publisher, distributor, etc. Macmillan
Date of publication, distribution, etc. 1960
300 ## - PHYSICAL DESCRIPTION
Extent 328p.
Other physical details ill.
490 ## - SERIES STATEMENT
Series statement Cleaver-Hume electrical series, no. 4
650 #0 - SUBJECT ADDED ENTRY--TOPICAL TERM
Topical term or geographic name as entry element Alternating current : Electrical machinery
942 ## - ADDED ENTRY ELEMENTS (KOHA)
Koha item type General Book
Holdings
Piece designation (barcode) Koha full call number Withdrawn status Damaged status Koha normalized classification for sorting Not for loan Location (home branch) Lost status Sublocation or collection (holding branch) Copy number Koha item type Koha date last seen Shelving location Price effective from Date acquired Source of classification or shelving scheme
22776623.133/COT/1960  623_133000000000000_COT_1960 Central Library, BUET Central Library, BUET1General Book2015-05-03Circulation section2015-05-032015-05-03 
22777623.133/COT/1960  623_133000000000000_COT_1960 Central Library, BUET Central Library, BUET2General Book2015-05-03Circulation section2015-05-032015-05-03 
22775623.133/COT/1960  623_133000000000000_COT_1960 Central Library, BUET Central Library, BUET3General Book2015-05-03Circulation section2015-05-032015-05-03 
22781623.133/COT/1960  623_133000000000000_COT_1960 Central Library, BUET Central Library, BUET4General Book2015-05-03Circulation section2015-05-032015-05-03 
22779623.133/COT/1960  623_133000000000000_COT_1960 Central Library, BUET Central Library, BUET5General Book2015-05-03Circulation section2015-05-032015-05-03 
22778623.133/COT/1960  623_133000000000000_COT_1960 Central Library, BUET Central Library, BUET6General Book2015-05-03Circulation section2015-05-032015-05-03 
22782623.133/COT/1960  623_133000000000000_COT_1960 Central Library, BUET Central Library, BUET7General Book2015-05-03Circulation section2015-05-032015-05-03 
22780623.133/COT/1960  623_133000000000000_COT_1960 Central Library, BUET Central Library, BUET8General Book2015-05-03Circulation section2015-05-032015-05-03 
22774623.133/COT/1960  623_133000000000000_COT_1960 Central Library, BUET Central Library, BUET9General Book2015-05-03Circulation section2015-05-032015-05-03 
22783623.133/COT/1960  623_133000000000000_COT_1960 Central Library, BUET Central Library, BUET10General Book2015-05-03Circulation section2015-05-032015-05-03